[Event "AUTO-OPEN-744"]
[Site "http://www.queenalice.com/game.php?id=363320"]
[Date "2008.2.29"]
[Round "3"]
[White "Malcomx"]
[Black "smoran90"]
[Result "0-1"]
[WhiteElo "1759"]
[BlackElo "2302"]

1. d4 Nf6 2. c4 g6 3. Nc3 d5 4. Nf3 Bg7 5. e3 O-O 6. Bd3 c5 7. O-O cxd4 8. exd4
Nc6 9. Re1 Bg4 10. h3 Bxf3 11. Qxf3 Nxd4 12. Qe3 dxc4 13. Bb1 e5 14. Rd1 Re8 15.
Nb5 Nd5 16. Qe1 Nxb5 17. Be4 Nd4 18. Be3 f5 19. Bxd5+ Qxd5 20. Qd2 Rad8 21. Kh1
f4 0-1

[Event "AUTO-OPEN-744"]
[Site "http://www.queenalice.com/game.php?id=363321"]
[Date "2008.2.29"]
[Round "3"]
[White "smoran90"]
[Black "Malcomx"]
[Result "1-0"]
[WhiteElo "2303"]
[BlackElo "1757"]

1. e4 c6 2. d4 d5 3. Nc3 dxe4 4. Nxe4 Bf5 5. Ng3 Bg6 6. h4 h6 7. Nf3 Nd7 8. h5
Bh7 9. Bd3 Bxd3 10. Qxd3 Ngf6 11. Bf4 e6 12. O-O-O Be7 13. Kb1 Nd5 14. Be5 N7f6
15. c4 Nb6 16. Qb3 O-O 17. Rhe1 Qc8 18. Bxf6 Bxf6 19. Ne4 Be7 20. g4 c5 21. g5
hxg5 22. Nexg5 cxd4 23. Qd3 f5 24. Nxe6 Qxc4 25. Nxf8 1-0

[Event "AUTO-OPEN-1097"]
[Site "http://www.queenalice.com/game.php?id=389424"]
[Date "2008.4.18"]
[Round "1"]
[White "ORNELAS"]
[Black "Malcomx"]
[Result "1-0"]
[WhiteElo "1588"]
[BlackElo "1755"]

1. d4 f5 2. Nf3 Nf6 3. e3 e6 4. g3 Nc6 5. Bg2 Be7 6. c3 d6 7. O-O Bd7 8. Nbd2
O-O 9. a3 a6 10. b4 e5 11. dxe5 dxe5 12. Ng5 h6 13. Ndf3 hxg5 14. Nxg5 1-0

[Event "AUTO-OPEN-1097"]
[Site "http://www.queenalice.com/game.php?id=389425"]
[Date "2008.4.18"]
[Round "1"]
[White "Malcomx"]
[Black "ORNELAS"]
[Result "0-1"]
[WhiteElo "1732"]
[BlackElo "1611"]

1. c4 d6 2. Nc3 e5 3. e4 Nf6 4. d3 Nc6 5. Nf3 Bg4 6. h3 Bxf3 7. gxf3 Nd4 8. Bg2
g6 9. f4 exf4 10. Bxf4 Bg7 11. Bg5 O-O 12. Qd2 Ne6 13. Bh6 Bxh6 14. Qxh6 Ng7 0-1

[Event "AUTO-OPEN-1097"]
[Site "http://www.queenalice.com/game.php?id=389454"]
[Date "2008.4.18"]
[Round "1"]
[White "emredostmetu"]
[Black "Malcomx"]
[Result "1-0"]
[WhiteElo "2220"]
[BlackElo "1757"]

1. d4 d5 2. c4 Nf6 3. Nc3 c6 4. cxd5 cxd5 5. Bg5 h6 6. Bxf6 gxf6 7. Nf3 Nc6 8.
e3 Bg4 9. Qb3 e6 10. Qxb7 Rc8 11. Bb5 Qc7 12. Qxc7 Rxc7 13. Nd2 Be7 14. f3 Bf5
15. Nb3 O-O 16. Rc1 1-0

[Event "AUTO-OPEN-1097"]
[Site "http://www.queenalice.com/game.php?id=389455"]
[Date "2008.4.18"]
[Round "1"]
[White "Malcomx"]
[Black "emredostmetu"]
[Result "0-1"]
[WhiteElo "1759"]
[BlackElo "2219"]

1. d4 d5 2. c4 c6 3. Nc3 Nf6 4. Nf3 e6 5. Bg5 Qb6 6. Qc2 Ne4 7. Bh4 Bb4 8. Nd2
Qxd4 9. Ncxe4 dxe4 10. e3 Bxd2+ 11. Qxd2 Qxd2+ 12. Kxd2 Nd7 13. Rd1 f6 14. b4
Nb6 0-1

[Event "AUTO-OPEN-1961"]
[Site "http://www.queenalice.com/game.php?id=768095"]
[Date "2010.4.29"]
[Round "1"]
[White "Malcomx"]
[Black "kievelmedieval"]
[Result "0-1"]
[WhiteElo "1641"]
[BlackElo "1751"]

1. d4 d5 2. c4 dxc4 3. Nc3 e6 4. e4 Bb4 5. Bxc4 h6 6. a3 Bxc3+ 7. bxc3 Nf6 8.
Bd3 O-O 9. Nf3 Re8 10. O-O Nc6 11. e5 Nd5 12. Qc2 f5 0-1

[Event "AUTO-OPEN-1961"]
[Site "http://www.queenalice.com/game.php?id=768096"]
[Date "2010.4.29"]
[Round "1"]
[White "kievelmedieval"]
[Black "Malcomx"]
[Result "1-0"]
[WhiteElo "1738"]
[BlackElo "1654"]

1. d4 d5 2. Nc3 Nf6 3. Bf4 a6 4. e3 Nbd7 5. Nf3 e6 6. Bd3 c5 7. Bg5 Be7 8. a3
O-O 9. e4 dxe4 10. Nxe4 h6 11. Bxf6 Nxf6 12. Nxf6+ Bxf6 13. dxc5 1-0

[Event "AUTO-OPEN-1961"]
[Site "http://www.queenalice.com/game.php?id=768099"]
[Date "2010.4.29"]
[Round "1"]
[White "Malcomx"]
[Black "FPM"]
[Result "0-1"]
[WhiteElo "1696"]
[BlackElo "1901"]

1. c4 g6 2. Nf3 Bg7 3. Nc3 c5 4. d4 cxd4 5. Nxd4 Nc6 6. Nb3 d6 7. Bd2 Nf6 8. e3
Bf5 9. Be2 Ne4 10. Rc1 Nxd2 11. Qxd2 O-O 12. O-O a6 13. a3 Qc7 14. Rfd1 Rad8 15.
Nd4 Nxd4 0-1

[Event "AUTO-OPEN-1961"]
[Site "http://www.queenalice.com/game.php?id=768100"]
[Date "2010.4.29"]
[Round "1"]
[White "FPM"]
[Black "Malcomx"]
[Result "1-0"]
[WhiteElo "1892"]
[BlackElo "1705"]

1. e4 d6 2. d4 c5 3. d5 Nd7 4. b3 Ngf6 5. Nd2 a6 6. Bb2 Qc7 7. Ngf3 b5 8. c4 g6
9. cxb5 axb5 10. Bxb5 Bg7 11. O-O O-O 12. Bc6 Bb7 13. Bxb7 Qxb7 14. Re1 Rfc8 15.
Nc4 Qc7 16. Qc2 1-0

[Event "AUTO-ADV-1747"]
[Site "http://www.queenalice.com/game.php?id=768321"]
[Date "2010.4.29"]
[Round "1"]
[White "pawnforme"]
[Black "Malcomx"]
[Result "1-0"]
[WhiteElo "2033"]
[BlackElo "1708"]

1. c4 c5 2. Nf3 Nc6 3. Nc3 g6 4. e3 Bg7 5. Be2 Nf6 6. d3 O-O 7. O-O d5 8. cxd5
Nxd5 9. Nxd5 Qxd5 10. a3 b6 11. Rb1 Bb7 12. e4 Qd7 13. Bf4 Rad8 14. Qc1 Nd4 15.
Nxd4 Bxd4 16. Bg3 1-0

[Event "AUTO-ADV-1747"]
[Site "http://www.queenalice.com/game.php?id=768322"]
[Date "2010.4.29"]
[Round "1"]
[White "Malcomx"]
[Black "pawnforme"]
[Result "0-1"]
[WhiteElo "1711"]
[BlackElo "2030"]

1. d4 d5 2. c4 c6 3. Nc3 e6 4. Nf3 Nf6 5. e3 Be7 6. Bd3 dxc4 7. Bxc4 O-O 8. O-O
Nbd7 9. Qc2 Nb6 10. Bd3 Re8 11. Re1 Qc7 12. Ne4 Nbd5 13. Nxf6+ Nxf6 14. e4 g6
0-1

[Event "AUTO-ADV-1747"]
[Site "http://www.queenalice.com/game.php?id=768337"]
[Date "2010.4.29"]
[Round "1"]
[White "aragats"]
[Black "Malcomx"]
[Result "1-0"]
[WhiteElo "1925"]
[BlackElo "1625"]

1. f4 c5 2. Nf3 Nc6 3. e3 d5 4. Bb5 a6 5. Bxc6+ bxc6 6. O-O Nf6 7. b3 e6 8. Bb2
Be7 9. d3 Bd7 10. Nbd2 O-O 11. Qe1 h6 12. Qg3 Nh5 13. Qf2 1-0

[Event "AUTO-ADV-1747"]
[Site "http://www.queenalice.com/game.php?id=768338"]
[Date "2010.4.29"]
[Round "1"]
[White "Malcomx"]
[Black "aragats"]
[Result "0-1"]
[WhiteElo "1629"]
[BlackElo "1921"]

1. d4 d5 2. c4 dxc4 3. e4 Nf6 4. Nc3 Nc6 5. Bxc4 Qxd4 6. Qxd4 Nxd4 7. Bd3 e5 8.
Nge2 Bc5 9. Nxd4 exd4 10. Nd5 Nxd5 11. exd5 b6 12. O-O O-O 0-1

[Event "AUTO-ADV-1747"]
[Site "http://www.queenalice.com/game.php?id=768349"]
[Date "2010.4.29"]
[Round "1"]
[White "Malcomx"]
[Black "Yukontodd"]
[Result "0-1"]
[WhiteElo "1688"]
[BlackElo "1648"]

1. c4 e5 2. Nc3 Nf6 3. e4 Nc6 4. Nf3 Bc5 5. a3 Ng4 6. d4 exd4 7. Nxd4 Bxd4 8.
Qxg4 O-O 9. Bf4 Qf6 10. Be2 d6 11. Qg3 Bxc3+ 12. Qxc3 Qxf4 13. Rd1 Qxe4 14. Qd3
Qxg2 15. Qf3 Qxf3 16. Bxf3 Ne5 0-1

[Event "AUTO-ADV-1747"]
[Site "http://www.queenalice.com/game.php?id=768350"]
[Date "2010.4.29"]
[Round "1"]
[White "Yukontodd"]
[Black "Malcomx"]
[Result "1-0"]
[WhiteElo "1666"]
[BlackElo "1670"]

1. d4 d5 2. c4 c6 3. Nc3 Nf6 4. Nf3 Bg4 5. h3 Bh5 6. g4 Bg6 7. Bf4 Nbd7 8. Bg2
h6 9. O-O e6 10. Re1 Be7 11. Qb3 Qb6 12. Qxb6 axb6 13. cxd5 exd5 14. Ne5 O-O 15.
g5 hxg5 16. Nxd7 1-0